Arte de amar, Remedios del amor /

Guardado en:
Bibliografiske detaljer
Hovedforfatter: Ovidio Nasón, Publio (autor)
Andre forfattere: Bonifaz Nuño, Rubén (introducción, versión y notas) (introducción, versión y notas)
Format: Bog
Sprog:spansk
Udgivet: México : UNAM, Instituto de Investigaciones Filológicas, Centro de Estudios Clásicos, 1986, c1986
Udgivelse:2a edición
Serier:(Bibliotheca Scriptorum Graecorum et Romanorum Mexicana)
Fag:
Tags: Tilføj Tag
Ingen Tags, Vær først til at tagge denne postø!

MARC

LEADER 00000nam^a2200000^a^4500
001 000380497
005 20250521000000.0
009 20260310120605.035
020 |a 968-837-504-7 
037 |a Acervo Xavier Clavigero 
041 |a ESP 
082 |a 871.  |b OVI 
100 |a Ovidio Nasón, Publio  |e (autor) 
240 1 1 |a [Arte de amar] 
240 1 1 |a [Remedios de amor] 
245 1 4 |a Arte de amar, Remedios del amor /  |c P. Ovidio Nasón ; introd., versión, notas de R. Bonifaz Nuño. 
250 |a 2a edición 
264 4 |a México :  |b UNAM, Instituto de Investigaciones Filológicas, Centro de Estudios Clásicos,  |c 1986, c1986 
300 |a CCXXVI, 101, 101 p. 
336 |a texto  |b txt  |2 rdacontenido 
337 |a sin mediación  |b n  |2 rdamedio 
338 |a volumen  |b nc  |2 rdasoporte 
440 1 |a (Bibliotheca Scriptorum Graecorum et Romanorum Mexicana) 
545 0 |a Publio Ovidio Nasón (43 a.C.-17 d.C), poeta latino nacido en Sulmona, se instruyó en retórica y leyes. Por algún tiempo desempeñó algunos cargos propios de su formación, pero al final decidió dedicarse de tiempo completo a su vocación poética. Después de gozar de buena posición y estima literaria y por razones que se desconocen con certeza, en el año 8 a.C. fue desterrado de Roma por el emperador Augusto, a un lugar llamado Tomi, hoy Constanza, donde murió; algunos de sus libros fueron quemados en público por considerarlos inmorales. Su escritura da cuenta del amor, el erotismo, la tristeza, las festividades romanas y las leyendas mitológicas. Entre sus obras se encuentran Metamorfosis, Fastos, Tristes, Amores, Arte de amar, Remedios de amor, Heroidas, y otras. 
546 |a Edición bilingüe español-latín 
561 |a Ex libris de Jesuitas Cuernavaca 
649 |a XX 
650 |a Poesía Latina 
650 |a Literatura Latina 
650 |a Literatura Clásica 
650 |a Literatura Erótica 
650 |a Amor en la Literatura 
740 0 |a Remedios del amor /  |c P. Ovidio Nasón ; introd., versión, notas de R. Bonifaz Nuño. 
700 |a Bonifaz Nuño, Rubén  |e (introducción, versión y notas) 
910 |a Fondo General 
920 |a Impresos - Libros 
930 |a Colección General 
905 |a 101 
901 |a 040686  |b IT1  |c LIT  |u 20250521 
902 |a https://opac.biblio.iteso.mx/vufind/Record/000380497